000 01106nji a22002897a 4500
005 2010091505345.0
006 a|||||r|||||00| 0
007 sd ammalaaahaa
008 100830t xxu||||| |||| 00| 0 eng d
028 _aEMGE.12504
_bEMI
035 _aGR-02698
040 _aSED
_cSED
100 _917455
_aSharma, Gopal
245 _aRam ramaiy gaaye ja /
_csung by Gopal Sharma...[et.al]
_h[sound recording] :
246 _aराम रमैय गाये जा /
260 _aDum Dum, India
_bEMI
_c1976
300 _a1 sound disc [Gramophone Recording]:
_banalog, 33 1/3 rpm
_c12.5 in. (LP)
_fGramophone Record
440 _aBhajanavali- Vol.1
_920202
500 _aBrief Record
500 _aRecord labels : EMI, Green
505 _aSide-2 अपनायन रखना मेरे घनश्याम (Apnaayan rakhna mere ghanshyam) (Manna Dey)
600 _aSharma, Gopal
_919590
650 _aHindi Song
_zIndia
_91186
_xExcerpts
650 _aDevotional Songs
_920196
942 _2ddc
_cGR
999 _c45965
_d45965